书目信息 |
| 题名: |
结构力学
|
|
| 作者: | 李廉锟 , 侯文崎 主编 | |
| 分册: | 上册 | |
| 出版信息: | 北京 高等教育出版社 2022.11 |
|
| 页数: | 334页 | |
| 开本: | 20cm | |
| 丛书名: | ||
| 单 册: | ||
| 中图分类: | O342-43 | |
| 科图分类: | ||
| 主题词: | 固体力学 | |
| 电子资源: | ||
| ISBN: | 978-7-04-059127-9 | |
| 000 | 00675nam0 2200229 450 | |
| 001 | 2549615906 | |
| 005 | 20250508135223.99 | |
| 010 | @a978-7-04-059127-9@dCNY57.00 | |
| 100 | @a20250508d2022 km y0chiy0120 ea | |
| 101 | 0 | @achi |
| 102 | @aCN@b110000 | |
| 200 | 1 | @a结构力学@h上册@f李廉锟, 侯文崎主编@FLi Lian Kun,Hou Wen Qi Zhu Bian |
| 205 | @a7版 | |
| 210 | @a北京@c高等教育出版社@d2022.11 | |
| 215 | @a334页@d20cm | |
| 300 | @a"十二五 "普通高等教育本科国家级规划教材 | |
| 606 | 0 | @a固体力学 |
| 690 | @aO342-43@v4 | |
| 701 | 0 | @a李廉锟@ALi Lian Kun@4主编 |
| 701 | 0 | @a侯文崎@AHou Wen Qi@4主编 |
| 801 | 0 | @aCN@b河南城建学院图书馆@c20250508 |
| 905 | @dO342-43@eL203:1=7 | |
| 结构力学.上册/李廉锟, 侯文崎主编.-7版.-北京:高等教育出版社,2022.11 |
| 334页;20cm |
| "十二五 "普通高等教育本科国家级规划教材 |
| ISBN 978-7-04-059127-9:CNY57.00 |
| ● |
| 相关链接 |
|
|
|
正题名:结构力学
索取号:O342-43/L203:1=7
 
预约/预借
| 序号 | 登录号 | 条形码 | 馆藏地/架位号 | 状态 | 备注 |
| 1 | 1554978 | 215549789 | 土木与交通工程学院资料室/ [索取号:O342-43/L203:1=7] | 在馆 |